| 000 | 01132cam a2200193 i 4500 | ||
|---|---|---|---|
| 020 | _a0309028175 | ||
| 082 | 0 | 0 | _a388.4/0973 |
| 245 | 1 | 0 |
_aUrban transport service innovations / _cTransportation Research Board, Commission on Sociotechnical Systems, National Research Council. |
| 260 |
_aWashington : _bNational Academy of Sciences, _c1979. |
||
| 300 |
_avi, 142 p. : _bill. ; _c28 cm. |
||
| 490 | 1 | _aSpecial report - Transportation Research Board, National Research Council ; 184 | |
| 500 | _a"Proceedings of a conference sponsored by the Urban Mass Transportation Administration, U.S. Department of Transportation ... [et al.] ... and conducted by the Transportation Research Board, December 5-8, 1977, in San Diego, California. It also includes a group of papers presented at the 57th annual meeting of the Board, January 16-20, 1978." | ||
| 526 |
_a0 _b0 _c0 _d388_409730000000000 |
||
| 650 | 0 |
_aUrban transportation _zCanada _xCongresses. _938810 |
|
| 650 | 0 |
_aUrban transportation _zUnited States _xCongresses. _938787 |
|
| 710 | 1 |
_aUnited States. _921185 |
|
| 710 | 2 |
_aNational Research Council (U.S.). _920017 |
|
| 942 |
_2ddc _cBK |
||
| 999 |
_c543451 _d543451 |
||